[Event "Miskolc"]
[Site "Miskolc"]
[Date "1990.??.??"]
[Round "1"]
[White "Ermenkov, Evgenij P"]
[Black "Zakic, Srdjan"]
[Result "1-0"]
[WhiteElo "2465"]
[BlackElo "2425"]
[PlyCount "151"]
[EventDate "1990.12.??"]
[Source "www.chesslib.no"]
[SourceDate "2004.05.04"]

1. e4 e5 2. Nc3 Nc6 3. Nge2 Nf6 4. g3 d5 5. exd5 Nb4 6. Bg2 Nbxd5 7. Nxd5 Nxd5 8. O-O c5 9. Re1 Be7 10. Nc3 Nxc3 11. bxc3 O-O 12. Rxe5 Qc7 13. Re1 Be6 14. Rb1 Rab8 15. d3 b6 16. Bf4 Bd6 17. Bxd6 Qxd6 18. c4 Rbd8 19. Qc1 h6 20. Qb2 Qd4 21. Qxd4 Rxd4 22. h4 g6 23. Re5 Rfd8 24. f4 h5 25. Kf2 Kg7 26. Ke3 R4d6 27. Kf2 Kf6 28. Bf3 R8d7 29. a3 Rd8 30. Rbe1 R8d7 31. Bg2 Rd8 32. Kg1 R8d7 33. Kh2 Rd8 34. Bh3 Bxh3 35. Kxh3 R6d7 36. a4 a5 37. Kg2 Rd6 38. Kf3 R6d7 39. Re8 Rd6 40. Rxd8 Rxd8 41. Re5 Rd6 42. Ke4 Rd4+ 43. Ke3 Rd6 44. c3 Rc6 45. Ke4 Rc8 46. d4 cxd4 47. Kxd4 Rc6 48. c5 bxc5+ 49. Rxc5 Ra6 50. Re5 Rd6+ 51. Rd5 Re6 52. Rxa5 Re1 53. Rg5 Ra1 54. a5 Ke6 55. Kc4 Kd6 56. f5 f6 57. Rxg6 Ke5 58. Kb5 Rb1+ 59. Kc5 Ra1 60. Kb6 Rb1+ 61. Ka7 Rc1 62. a6 Rxc3 63. Rg7 Kd6 64. Kb8 Rb3+ 65. Kc8 Rc3+ 66. Kd8 Ra3 67. Re7 Rxg3 68. Re6+ Kd5 69. Rxf6 Ke5 70. Rf7 Kd6 71. Kc8 Rg8+ 72. Kb7 Rg1 73. a7 Rb1+ 74. Kc8 Ra1 75. Kb8 Rb1+ 76. Rb7 1-0

[Event "Ceske Budejovice Open"]
[Site "Ceske Budejovice CZE"]
[Date "1994.??.??"]
[Round "8"]
[White "Stripunsky, Alexander"]
[Black "Potapov, Alexander"]
[Result "1-0"]
[WhiteElo "2510"]
[BlackElo "2380"]
[PlyCount "105"]
[EventDate "1994.??.??"]
[Source "www.chesslib.no"]
[SourceDate "2004.05.04"]

1. e4 e5 2. Nc3 Nc6 3. Bc4 Bc5 4. Qg4 g6 5. Qg3 Nf6 6. d3 h6 7. Nge2 d6 8. Na4 Bb6 9. Nxb6 axb6 10. f4 Qe7 11. O-O Nh5 12. Qf3 exf4 13. d4 Be6 14. Bb5 O-O-O 15. d5 Na7 16. Bd3 Bd7 17. Nxf4 Ng7 18. Bd2 g5 19. Nh5 Nxh5 20. Qxh5 Rdf8 21. Bc3 f6 22. a4 Kb8 23. Qe2 Rf7 24. Qf2 Rhf8 25. a5 b5 26. Rae1 Nc8 27. Bd4 c5 28. dxc6 Bxc6 29. b4 Qd7 30. Ra1 Re8 31. Rfe1 h5 32. a6 Qg4 33. axb7 Rxb7 34. h3 Qf4 35. Qxf4 gxf4 36. Ra6 Rc7 37. Rxc6 Rxc6 38. Bxb5 Kc7 39. Bxc6 Kxc6 40. Bxf6 Nb6 41. Bg5 Kb5 42. Bxf4 d5 43. e5 Kxb4 44. e6 Kc3 45. Re2 d4 46. e7 Nd5 47. Bg5 Nc7 48. Re5 Kc4 49. Kf2 Rg8 50. Kg3 Ne8 51. Kh4 Ng7 52. Bd2 Ne8 53. Rg5 1-0

[Event "HUN-ch"]
[Site "Budapest"]
[Date "1995.??.??"]
[Round "11"]
[White "Varga, Zoltan"]
[Black "Gyimesi, Zoltan"]
[Result "0-1"]
[WhiteElo "2460"]
[BlackElo "2430"]
[PlyCount "100"]
[EventDate "1995.01.??"]
[Source "ChessBase"]

1. e4 e5 2. Nc3 Nc6 3. f4 exf4 4. d4 Qh4+ 5. Ke2 d6 6. Nf3 Bg4 7. Bxf4 O-O-O 8. Bg3 Qf6 9. d5 Ne5 10. Kf2 h5 11. h3 Bxf3 12. gxf3 h4 13. Bh2 g6 14. Nb5 a6 15. Nd4 Bh6 16. b4 Bf4 17. Rb1 Qg5 18. Bxf4 Qxf4 19. Qc1 Qg3+ 20. Ke2 Nf6 21. Rb3 Rhe8 22. Kd1 Nxd5 23. exd5 Ng4 24. Be2 Nf2+ 25. Kd2 Nxh1 26. Qxh1 Qf4+ 27. Kc3 Rxe2 28. Nxe2 Qe3+ 29. Kb2 Qxe2 30. Rd3 Qe5+ 31. Kb3 Qg3 32. Re3 Qg5 33. Rd3 Re8 34. Qf1 Qg3 35. Rc3 Qf4 36. Qg1 Kb8 37. Qg4 Qe5 38. Qxh4 Qxd5+ 39. Kb2 Qe5 40. Qc4 Re7 41. Qh4 c6 42. f4 Qe4 43. Qf6 Kc7 44. a3 Qe6 45. Qg5 Re8 46. Qa5+ Kc8 47. Qb6 Qf6 48. Qa7 Kc7 49. b5 axb5 50. Qa5+ Kb8 0-1

[Event "URS-ch sf"]
[Site "Aktjubinsk"]
[Date "1985.??.??"]
[Round "?"]
[White "Vorotnikov, Vladislav V"]
[Black "Kharitonov, Andrei Y"]
[Result "1/2-1/2"]
[WhiteElo "2435"]
[BlackElo "2450"]
[PlyCount "58"]
[EventDate "1985.07.??"]
[Source "ChessBase"]

1. e4 e5 2. Nc3 Nc6 3. d3 d6 4. f4 g6 5. Nf3 Bg7 6. g3 Nge7 7. Bg2 O-O 8. O-O exf4 9. Bxf4 h6 10. Qd2 Kh7 11. Rae1 Be6 12. h3 Qd7 13. g4 Ne5 14. Nd4 N5c6 15. Nf5 gxf5 16. exf5 Nxf5 17. gxf5 Bxf5 18. Bxd6 Qxd6 19. Rxf5 Nd4 20. Nb5 Nxb5 21. Rxb5 f5 22. c3 f4 23. Be4+ Kh8 24. Rd5 Qe6 25. Rh5 Rae8 26. Rf1 Qd6 27. Rd5 Qe6 28. Rh5 Qd6 29. Rd5 Qe6 1/2-1/2

[Event "Wattens Open"]
[Site "Wattens"]
[Date "1992.??.??"]
[Round "8"]
[White "Tseitlin, Michael S"]
[Black "Ciolac, Gheorghe"]
[Result "0-1"]
[WhiteElo "2495"]
[BlackElo "2385"]
[PlyCount "54"]
[EventDate "1992.??.??"]
[Source "www.chesslib.no"]
[SourceDate "2004.05.04"]

1. e4 e5 2. Nc3 Nc6 3. f4 exf4 4. Nf3 g5 5. d4 g4 6. Bc4 gxf3 7. O-O Nxd4 8. Bxf4 Bg7 9. e5 d5 10. exd6 c6 11. Qe1+ Be6 12. Rd1 Qf6 13. d7+ Kf8 14. Bd6+ Ne7 15. Ne4 Qg6 16. Rf2 Bxc4 17. Bxe7+ Kxe7 18. Qb4+ Kd8 19. Qxb7 Qxe4 20. Qxa8+ Ke7 21. Qxa7 Bd5 22. gxf3 Qg6+ 23. Rg2 Nxf3+ 24. Kh1 Nd4 25. d8=Q+ Kxd8 26. Qb8+ Kd7 27. Qa7+ Ke6 0-1

[Event "CRO Team Ch"]
[Site "Tucepi"]
[Date "1996.??.??"]
[Round "?"]
[White "Jurkovic, Hrvoje"]
[Black "Nikolac, Juraj"]
[Result "1-0"]
[WhiteElo "2390"]
[BlackElo "2465"]
[PlyCount "83"]
[EventDate "1996.??.??"]
[Source "www.chesslib.no"]
[SourceDate "2004.05.04"]

1. e4 e5 2. Nc3 Nc6 3. f4 exf4 4. Nf3 Be7 5. Bc4 d6 6. O-O Bg4 7. d4 Nf6 8. Bxf4 O-O 9. h3 Bh5 10. Re1 Nd7 11. Nd5 Bh4 12. Re3 Nb6 13. Nxb6 axb6 14. g4 Bg6 15. Nxh4 Qxh4 16. c3 Kh8 17. Qe1 Qf6 18. Qg3 Rae8 19. Bd5 Qd8 20. Rae1 Qd7 21. Bb3 f6 22. h4 Na5 23. h5 Bf7 24. Bxf7 Qxf7 25. b3 Nc6 26. R3e2 Re7 27. Qd3 Rfe8 28. Qf3 Qg8 29. Kg2 Nd8 30. Kf2 Ne6 31. Re3 h6 32. Ke2 Qh7 33. Kd2 Ra8 34. a4 Qg8 35. Kc2 Ree8 36. Kb2 Red8 37. Bg3 Ng5 38. Qf5 Re8 39. Bh4 Nf7 40. Qg6 Rad8 41. Rf1 Rd7 42. Rxf6 1-0

[Event "Clarin GP1 Boca Juniors"]
[Site "Boca"]
[Date "1997.??.??"]
[Round "2"]
[White "Spangenberg, Hugo"]
[Black "Rossetto, Hector"]
[Result "1/2-1/2"]
[WhiteElo "2550"]
[BlackElo "2305"]
[PlyCount "119"]
[EventDate "1997.04.26"]
[Source "ChessBase"]
[SourceDate "1997.07.29"]

1. e4 e5 2. Nc3 Nc6 3. Bc4 d6 4. Nge2 Be6 5. d3 g6 6. h4 Qd7 7. h5 Bxc4 8. dxc4 Qg4 9. hxg6 fxg6 10. Be3 h5 11. Nd5 O-O-O 12. Qd3 Bh6 13. Bxh6 Rxh6 14. O-O-O Rh7 15. Rh2 Rf7 16. f3 Qg5+ 17. Kb1 Nf6 18. a3 Nxd5 19. cxd5 Nb8 20. c4 Nd7 21. b4 Rdf8 22. Rc1 b6 23. Rc2 Kd8 24. Nc3 a5 25. Rh1 Ke7 26. Nb5 Rc8 27. Ka2 Kf8 28. Qc3 axb4 29. axb4 Kg8 30. Kb3 Nf6 31. Qe1 Ra8 32. Qc1 Qxc1 33. Rhxc1 g5 34. c5 bxc5 35. bxc5 Rb8 36. Ka4 Nd7 37. cxd6 cxd6 38. Rc8+ Rxc8 39. Rxc8+ Kg7 40. Rc6 Nc5+ 41. Ka5 g4 42. Nxd6 gxf3 43. gxf3 Nb3+ 44. Kb6 Rxf3 45. Nf5+ Kf7 46. d6 Rd3 47. Kc7 Nd4 48. Rc1 Nxf5 49. exf5 Kf6 50. Rf1 e4 51. d7 e3 52. d8=Q+ Rxd8 53. Kxd8 e2 54. Re1 h4 55. Rxe2 Kxf5 56. Ke7 h3 57. Ra2 Kf4 58. Kf6 Kg3 59. Ra3+ Kg2 60. Rxh3 1/2-1/2

[Event "Moscow2"]
[Site "Moscow"]
[Date "1994.??.??"]
[Round "10"]
[White "Pestov, Sergei M"]
[Black "Notkin, Maksim"]
[Result "0-1"]
[WhiteElo "2360"]
[BlackElo "2485"]
[PlyCount "112"]
[EventDate "1994.??.??"]
[Source "ChessBase"]

1. e4 e5 2. Nc3 Nc6 3. g3 h5 4. Nf3 h4 5. gxh4 Nd4 6. d3 c6 7. Nxd4 exd4 8. Ne2 Bc5 9. c3 dxc3 10. bxc3 Qxh4 11. Ng3 Ne7 12. d4 Bb6 13. Ba3 d5 14. e5 Nf5 15. Qd3 Ba5 16. O-O-O Qf4+ 17. Rd2 Be6 18. Kb2 O-O-O 19. Nxf5 Bxf5 20. Qe3 Qe4 21. Qxe4 Bxe4 22. Rg1 g6 23. h3 Kd7 24. Rg4 Bf5 25. Rf4 Ke6 26. h4 Rdg8 27. Bd3 Bd8 28. c4 Rxh4 29. Bxf5+ gxf5 30. cxd5+ cxd5 31. Rxh4 Bxh4 32. f3 Rg3 33. Rd3 Rg2+ 34. Kb1 f6 35. exf6 Bxf6 36. Bc5 b6 37. Bb4 Rf2 38. Bd2 Be7 39. Kc1 Bd6 40. a4 f4 41. Rb3 Rf1+ 42. Kc2 Ra1 43. a5 bxa5 44. Rb7 Ra3 45. Rxa7 Rxf3 46. Ra6 Rf2 47. Kd3 Kd7 48. Ra7+ Kc8 49. Bxa5 Ra2 50. Ra8+ Bb8 51. Ra6 f3 52. Rc6+ Kd7 53. Rf6 Rxa5 54. Kc3 Ra3+ 55. Kb4 Bd6+ 56. Kb5 Ke7 0-1

[Event "Virxe Peregrina Open 18th"]
[Site "?"]
[Date "2002.08.17"]
[Round "5.2"]
[White "Garcia Castro Pablo"]
[Black "Herrera Irisberto"]
[Result "0-1"]
[WhiteElo "2353"]
[BlackElo "2478"]
[PlyCount "124"]
[EventDate "2002.??.??"]
[Source "www.chesslib.no"]
[SourceDate "2004.05.04"]

1. e4 e5 2. Nc3 Nc6 3. g3 d6 4. Bg2 g6 5. Nge2 Bg7 6. d3 Be6 7. Be3 Nd4 8. h3 Qd7 9. g4 Ne7 10. Ng3 c6 11. Qd2 h5 12. f3 h4 13. Nf1 b5 14. Nd1 c5 15. f4 exf4 16. Bxf4 Be5 17. Be3 Ndc6 18. c3 Bg7 19. d4 cxd4 20. cxd4 d5 21. e5 Qc7 22. Nc3 Qa5 23. Nh2 b4 24. Ne2 b3 25. O-O Qxd2 26. Bxd2 Rb8 27. Bg5 bxa2 28. Rxa2 Rb7 29. Rc1 Kd7 30. Nf3 Rhb8 31. Bxe7 Nxe7 32. Nxh4 Nc6 33. Rb1 Bh6 34. Nf3 Be3+ 35. Kf1 Rb3 36. Nc1 Bxc1 37. Rxc1 Rxb2 38. Ra6 R8b6 39. Ra3 a5 40. Ne1 Rb1 41. Rc5 R6b5 42. Rxb5 Rxb5 43. Nc2 Kc7 44. Bf3 g5 45. Ke2 Rb2 46. Kd1 Nb4 47. Rc3+ Kb6 48. Kc1 Rxc2+ 49. Rxc2 Nxc2 50. Kxc2 Kb5 51. Kb3 a4+ 52. Kc3 Ka5 53. Be2 Bd7 54. Bf3 Bc6 55. h4 gxh4 56. g5 h3 57. Bg4 h2 58. Bf3 a3 59. Kb3 a2 60. Kxa2 Kb4 61. e6 fxe6 62. g6 Be8 0-1

[Event "CRO-Cup"]
[Site "Pula CRO"]
[Date "1993.??.??"]
[Round "4"]
[White "Mohr, Georg"]
[Black "Franic, Milan"]
[Result "0-1"]
[WhiteElo "2435"]
[BlackElo "2385"]
[PlyCount "90"]
[EventDate "1993.??.??"]
[Source "www.chesslib.no"]
[SourceDate "2004.05.04"]

1. e4 e5 2. Nc3 Nc6 3. f4 exf4 4. d4 Qh4+ 5. Ke2 d6 6. Nf3 Bg4 7. Bxf4 O-O-O 8. Qd2 Re8 9. Re1 g6 10. Kd3 Bxf3 11. gxf3 Bh6 12. Bxh6 Nxh6 13. Nd1 f5 14. Qf2 Qh5 15. c3 Rhf8 16. Qg2 Nd8 17. Kc2 Ne6 18. Bc4 Ng5 19. Rhf1 fxe4 20. fxe4 Rxf1 21. Bxf1 Qh4 22. Nf2 Rf8 23. Nd3 Ng4 24. Kb3 Nf2 25. Qg3 Qxg3 26. hxg3 Nxd3 27. Bxd3 Rf3 28. Bc4 Rxg3 29. e5 Nf3 30. Rd1 Kd7 31. exd6 Kxd6 32. Be2 Ng1 33. Bc4 h5 34. Rf1 Nf3 35. Kb4 g5 36. Bf7 h4 37. Bh5 Ng1 38. Rf6+ Ke7 39. Rf7+ Ke6 40. c4 h3 41. d5+ Ke5 42. Re7+ Kd4 43. Bg6 Re3 44. Rxc7 h2 45. Rh7 Nh3 0-1

[Event "CRO Ch"]
[Site "Zagreb CRO"]
[Date "1993.??.??"]
[Round "6"]
[White "Loncar, Robert"]
[Black "Jukic, Branimir"]
[Result "0-1"]
[WhiteElo "2455"]
[BlackElo "2360"]
[PlyCount "132"]
[EventDate "1993.??.??"]
[Source "www.chesslib.no"]
[SourceDate "2004.05.04"]

1. e4 e5 2. Nc3 Nc6 3. g3 h5 4. Nf3 Bc5 5. Na4 Be7 6. Bg2 h4 7. O-O d6 8. d4 Bg4 9. dxe5 Nxe5 10. Bf4 Ng6 11. Be3 Qd7 12. Nc3 Nf6 13. Qd2 Bxf3 14. Bxf3 Ne5 15. Bg2 hxg3 16. hxg3 Nfg4 17. Qe2 Nxe3 18. Qxe3 Ng4 19. Qe2 c6 20. Nd1 O-O-O 21. Ne3 Nxe3 22. Qxe3 Kb8 23. Rfd1 Rh6 24. Rd3 Rdh8 25. Rad1 Bd8 26. e5 Bb6 27. Qd2 d5 28. c4 Rh2 29. cxd5 Rxg2+ 30. Kxg2 Qh3+ 31. Kf3 Qh5+ 32. Kg2 Qh3+ 33. Kf3 Rh5 34. Rd4 Bxd4 35. Qxd4 Rf5+ 36. Ke4 Qg4+ 37. f4 Qxg3 38. Rf1 Qg6 39. Ke3 Rh5 40. Rf2 Rh3+ 41. Kd2 c5 42. Qc4 Qb1 43. Re2 Qxb2+ 44. Ke1 Qb1+ 45. Kf2 Rh1 46. Ke3 Qg1+ 47. Ke4 Qg6+ 48. Ke3 Rd1 49. e6 fxe6 50. dxe6 Qg3+ 51. Ke4 Rd4+ 52. Qxd4 cxd4 53. Kd5 Qg6 54. e7 Qc6+ 55. Kxd4 Qe8 56. Re5 Kc7 57. Rc5+ Kd7 58. Rd5+ Ke6 59. Re5+ Kf6 60. Ke3 b5 61. Kd4 a6 62. Kd5 b4 63. Ke4 Qc6+ 64. Kd4 Qc3+ 65. Kd5 Qxe5+ 66. fxe5+ Kxe7 0-1

[Event "Bohemians"]
[Site "Prague"]
[Date "1988.??.??"]
[Round "?"]
[White "Polasek, Jaroslav"]
[Black "Karolyi, Tibor Jr"]
[Result "0-1"]
[WhiteElo "2340"]
[BlackElo "2475"]
[PlyCount "158"]
[EventDate "1988.01.??"]
[Source "ChessBase"]

1. e4 e5 2. Nc3 Nc6 3. f4 exf4 4. Nf3 g5 5. d4 g4 6. Bc4 gxf3 7. O-O Nxd4 8. Bxf4 Bc5 9. Bxf7+ Kxf7 10. Be3 Ke8 11. Bxd4 Bxd4+ 12. Qxd4 Qf6 13. Qd3 Ne7 14. Rxf3 Qe5 15. Nd5 c6 16. Nf6+ Kd8 17. Nxd7 Bxd7 18. Rd1 Nd5 19. exd5 cxd5 20. Re3 Qd6 21. c4 Qc5 22. Kh1 Rf8 23. cxd5 Qb5 24. Qb1 Rc8 25. Rb3 Qe2 26. Re1 Qf2 27. Rxb7 Rc2 28. Rg1 Rg8 29. Qf1 Rf8 30. Qxf2 Rfxf2 31. Rxa7 Rxb2 32. a4 Bf5 33. Rg7 Ra2 34. h4 Rxa4 35. Kh2 Rxh4+ 36. Kg3 Rff4 37. Ra1 Rhg4+ 38. Rxg4 Rxg4+ 39. Kf3 Rd4 40. Ra5 Kd7 41. Ke3 Re4+ 42. Kf3 Kd6 43. Ra2 Kxd5 44. Kg3 Ke5 45. Rb2 Kf6 46. Ra2 Kg5 47. Rb2 Rd4 48. Kh2 Rd3 49. Ra2 Rc3 50. Rb2 Be4 51. Re2 Kf4 52. Rf2+ Ke3 53. Rf7 Rc2 54. Rg7 Rc6 55. Ra7 Rc2 56. Rg7 Bg6 57. Ra7 Kf2 58. Ra4 Rb2 59. Rf4+ Ke1 60. Kg1 Re2 61. Rg4 Re4 62. Rg3 Ke2 63. Ra3 Rc4 64. Ra2+ Rc2 65. Ra4 Rd2 66. Rf4 Ke3 67. Rf3+ Kd4 68. Rg3 Be4 69. Rg5 Ke3 70. Rg3+ Ke2 71. Rg7 Rc2 72. Re7 Ke3 73. Rg7 Rc1+ 74. Kh2 Ra1 75. Rg3+ Kf2 76. Rg7 Ra2 77. Rd7 Re2 78. Rd1 Bxg2 79. Rd2 Bf3 0-1

[Event "Ch Montenegro"]
[Site "Cetinje (Montenegro)"]
[Date "2007.07.20"]
[Round "9"]
[White "Kontic Djordjije (SCG)"]
[Black "Ivanovic Bozidar (SCG)"]
[Result "0-1"]
[WhiteElo "2384"]
[BlackElo "2426"]
[PlyCount "46"]
[EventDate "2007.??.??"]
[Source "www.chesslib.no"]
[SourceDate "2004.05.04"]

1. e4 e5 2. Nc3 Nc6 3. f4 exf4 4. Nf3 Bb4 5. Nd5 Ba5 6. Bc4 d6 7. O-O Nf6 8. d4 Nxd5 9. Bxd5 O-O 10. Bxf4 Ne7 11. Bb3 c6 12. Ng5 d5 13. Qh5 h6 14. Nf3 Bc7 15. Bxc7 Qxc7 16. Rae1 Be6 17. exd5 Bxd5 18. c4 Be6 19. Kh1 Rad8 20. Rf2 a5 21. Rfe2 b6 22. Bc2 Qc8 23. Rxe6 fxe6 0-1

[Event "Hafnarfirdi"]
[Site "Hafnarfirdi"]
[Date "1992.??.??"]
[Round "1"]
[White "Motwani, Paul"]
[Black "Gretarsson, Helgi Ass"]
[Result "1-0"]
[WhiteElo "2455"]
[BlackElo "2350"]
[PlyCount "61"]
[EventDate "1992.03.??"]
[Source "ChessBase"]

1. e4 e5 2. Nc3 Nc6 3. f4 exf4 4. Nf3 d6 5. d4 g5 6. d5 Ne5 7. Bb5+ Bd7 8. Bxd7+ Nxd7 9. Qd4 f6 10. h4 g4 11. Ng5 Nc5 12. Ne6 Nxe6 13. dxe6 c6 14. Bxf4 Qe7 15. Qc4 Bh6 16. Bg3 Qc7 17. O-O Be3+ 18. Kh2 O-O-O 19. Rad1 a6 20. Qd3 Ba7 21. Bxd6 Qg7 22. e5 Qh6 23. Qg3 f5 24. e7 Re8 25. Rxf5 Nxe7 26. Rf7 Qe6 27. Rf6 Qc4 28. b3 Qg8 29. e6 Ng6 30. Na4 h5 31. Bb8 1-0

[Event "Moravia-chT 9899"]
[Site "CZE"]
[Date "1998.??.??"]
[Round "5"]
[White "Sluka, Radek"]
[Black "Biolek, Richard"]
[Result "1/2-1/2"]
[WhiteElo "2380"]
[BlackElo "2425"]
[PlyCount "91"]
[EventDate "1998.??.??"]
[Source "www.chesslib.no"]
[SourceDate "2004.05.04"]

1. e4 e5 2. Nc3 Nc6 3. f4 Bc5 4. Nf3 d6 5. Na4 f5 6. Nxc5 dxc5 7. Bb5 exf4 8. exf5 Bxf5 9. O-O Qf6 10. Re1+ Nge7 11. Bxc6+ bxc6 12. Qe2 Bg4 13. d3 Bxf3 14. Qxf3 O-O 15. Qxf4 Nd5 16. Qxf6 Rxf6 17. Bd2 Rb8 18. b3 Nb4 19. Bxb4 cxb4 20. a3 Rbf8 21. axb4 Rf2 22. Rf1 Rxc2 23. Rxf8+ Kxf8 24. Rxa7 Rc3 25. Rxc7 Rxd3 26. Rxc6 Rxb3 27. Rc4 Kf7 28. Kf2 Kf6 29. Ke2 Rb2+ 30. Kf3 Rb3+ 31. Ke4 Rb2 32. Kf3 Rb3+ 33. Ke4 Rb2 34. Kd5 Rxg2 35. b5 Rxh2 36. b6 Rb2 37. Kc6 g5 38. b7 h5 39. Rc5 Rxb7 40. Kxb7 h4 41. Kc6 h3 42. Kd5 Kf5 43. Rc8 Kf4 44. Rf8+ Kg3 45. Ke4 g4 46. Kf5 1/2-1/2

[Event "NED-ch (qualifier KO)"]
[Site "Rotterdam"]
[Date "2000.02.15"]
[Round "3.4"]
[White "Lemmers, Oscar"]
[Black "De Vreugt, Dennis"]
[Result "0-1"]
[WhiteElo "2406"]
[BlackElo "2398"]
[PlyCount "106"]
[EventDate "2000.02.12"]
[Source "www.chesslib.no"]
[SourceDate "2004.05.04"]

1. e4 e5 2. Nc3 Nc6 3. Bc4 Bc5 4. Qg4 g6 5. Qg3 d6 6. Nge2 h5 7. d3 h4 8. Qf3 Rh7 9. Be3 Bxe3 10. fxe3 Na5 11. O-O-O c6 12. Rhf1 Qe7 13. Bb3 Nxb3+ 14. axb3 Bd7 15. d4 O-O-O 16. Kb1 f6 17. b4 a6 18. d5 Kb8 19. dxc6 bxc6 20. Nc1 Be6 21. Qe2 Qb7 22. Rd2 Rhd7 23. b3 Qxb4 24. Kb2 Ra7 25. N1a2 Qb6 26. Rfd1 Qc7 27. Nb4 Bc8 28. Qc4 Ne7 29. Qf7 Qb6 30. Nba2 Nf5 31. Qxf6 Nxe3 32. Rxd6 Nxd1+ 33. Nxd1 Rxd6 34. Qxd6+ Qc7 35. Qxg6 Qe7 36. Qxc6 Rc7 37. Qb6+ Ka8 38. c3 Bb7 39. Ne3 Qc5 40. Qh6 Ka7 41. b4 Qb6 42. Qg5 Rd7 43. Nc4 Qf2+ 44. Kb3 Bxe4 45. Nxe5 Bb1 46. Nc1 Qc2+ 47. Ka3 Qxc3+ 48. Nb3 Bc2 49. Nc6+ Qxc6 50. Nc5 a5 51. Qg4 Rc7 52. Qd4 Qb6 53. bxa5 Qxc5+ 0-1

[Event "Val Thorens Open"]
[Site "Val Thorens FRA"]
[Date "1990.??.??"]
[Round "6"]
[White "Soloviov, Sergei"]
[Black "Padevsky, Nikola B"]
[Result "1-0"]
[WhiteElo "2365"]
[BlackElo "2435"]
[PlyCount "63"]
[EventDate "1990.??.??"]
[Source "www.chesslib.no"]
[SourceDate "2004.05.04"]

1. e4 e5 2. Nc3 Nc6 3. f4 exf4 4. Nf3 g5 5. d4 Bg7 6. d5 Ne5 7. d6 c6 8. h4 Nxf3+ 9. Qxf3 h6 10. g3 Qf6 11. gxf4 Qxd6 12. e5 Qe7 13. Ne4 gxf4 14. Nd6+ Kd8 15. Bxf4 Bxe5 16. O-O-O Qf6 17. Bxe5 Qxf3 18. Rh3 Qxd1+ 19. Kxd1 f6 20. Bf4 Rh7 21. Bd3 Rg7 22. Re3 Ne7 23. Bxh6 Rg1+ 24. Re1 Rg4 25. Bf8 Nd5 26. h5 Rh4 27. h6 Kc7 28. Nf5 Rh5 29. Bd6+ Kb6 30. c4 Nb4 31. Be4 c5 32. Rh1 1-0

[Event "BUL-ch"]
[Site "Plovdiv"]
[Date "1999.05.22"]
[Round "11"]
[White "Manolov, Ivan"]
[Black "Todorov, Todor"]
[Result "0-1"]
[WhiteElo "2315"]
[BlackElo "2480"]
[PlyCount "46"]
[EventDate "1999.05.??"]
[Source "ChessBase"]
[SourceDate "1999.07.10"]

1. e4 e5 2. Nc3 Nc6 3. f4 exf4 4. Nf3 Nf6 5. e5 Nh5 6. d4 d6 7. Bb5 a6 8. Bxc6+ bxc6 9. O-O Be7 10. exd6 cxd6 11. Ne2 g5 12. b3 Rg8 13. c4 Bf6 14. Bb2 Ra7 15. Kh1 Re7 16. Qd2 g4 17. Nxf4 Nxf4 18. Qxf4 gxf3 19. Rxf3 Re2 20. Re3+ Rxe3 21. Qxe3+ Qe7 22. Qf2 Kf8 23. Rf1 Qe4 0-1

[Event "BL2-West 0001"]
[Site "Germany"]
[Date "2001.01.07"]
[Round "4.5"]
[White "Souleidis, Georgios"]
[Black "Becker, Marc"]
[Result "1-0"]
[WhiteElo "2388"]
[BlackElo "2407"]
[PlyCount "95"]
[EventDate "2000.10.15"]
[Source "ChessBase"]
[SourceDate "2001.07.03"]

1. e4 e5 2. Nc3 Nc6 3. g3 d6 4. Bg2 Be6 5. Nge2 Qd7 6. d4 Bh3 7. Bxh3 Qxh3 8. d5 Nce7 9. Qd3 a6 10. Be3 Nf6 11. Qc4 Qc8 12. f3 g6 13. g4 Bg7 14. O-O-O b5 15. Qd3 b4 16. Na4 Qd7 17. b3 O-O 18. Kb1 Rfb8 19. c4 bxc3 20. Nexc3 Rb4 21. Rd2 Ne8 22. Nb2 a5 23. h4 h6 24. h5 g5 25. Nca4 Rab8 26. Rc1 Bf6 27. Rdc2 Qc8 28. Rc4 Qb7 29. Rxb4 axb4 30. Rc4 Qb5 31. Rc2 Qb7 32. Rc4 Qb5 33. Rc2 Qb7 34. Qd2 Qb5 35. Qe2 Qxe2 36. Rxe2 c6 37. dxc6 Nxc6 38. Rc2 Ne7 39. Nb6 Rd8 40. Nd3 d5 41. exd5 e4 42. fxe4 Bc3 43. Bc5 Nc6 44. dxc6 Rxd3 45. Nd5 Rg3 46. Rxc3 bxc3 47. Nf6+ Nxf6 48. c7 1-0

[Event "Budapest FS04 GM"]
[Site "Budapest"]
[Date "1994.??.??"]
[Round "7"]
[White "Becker, Michael"]
[Black "Lukacs, Peter"]
[Result "1/2-1/2"]
[WhiteElo "2305"]
[BlackElo "2485"]
[PlyCount "76"]
[EventDate "1994.04.??"]
[Source "ChessBase"]

1. e4 e5 2. Nc3 Nc6 3. f4 exf4 4. Nf3 Nf6 5. Bc4 Be7 6. d3 O-O 7. Bxf4 Na5 8. Bb3 Nxb3 9. axb3 d5 10. exd5 Nxd5 11. Nxd5 Qxd5 12. O-O Bf6 13. d4 Bg4 14. c3 c5 15. dxc5 Qxc5+ 16. Kh1 Rfe8 17. h3 Rad8 18. Qc2 Bf5 19. Qf2 Qxf2 20. Rxf2 a6 21. Bc7 Rd3 22. Bb6 Be6 23. Bd4 Bxd4 24. Nxd4 Bd5 25. Kh2 g6 26. b4 Rde3 27. b5 axb5 28. Nxb5 Re2 29. Raf1 R8e5 30. Nd4 Rxf2 31. Rxf2 f5 32. Rd2 Kf8 33. Nf3 Bxf3 34. gxf3 Ke7 35. Kg3 g5 36. h4 h6 37. hxg5 hxg5 38. f4 Re3+ 1/2-1/2

[Event "Vladivostok"]
[Site "Vladivostok"]
[Date "1994.??.??"]
[Round "6"]
[White "Vorotnikov, Vladislav V"]
[Black "Zayac, Elena"]
[Result "1/2-1/2"]
[WhiteElo "2465"]
[BlackElo "2325"]
[PlyCount "82"]
[EventDate "1994.??.??"]
[Source "ChessBase"]

1. e4 e5 2. Nc3 Nc6 3. d3 Bc5 4. g3 h5 5. Nf3 h4 6. gxh4 d6 7. Rg1 Nd4 8. Bg5 Qd7 9. Be3 Nxf3+ 10. Qxf3 Bxe3 11. fxe3 g6 12. h5 Ne7 13. hxg6 fxg6 14. Qg3 c6 15. d4 Qe6 16. O-O-O Bd7 17. d5 Qf6 18. dxc6 bxc6 19. Bc4 Rh3 20. Qg5 Rf3 21. Qxf6 Rxf6 22. Rgf1 Rxf1 23. Rxf1 O-O-O 24. Rf7 Re8 25. b4 Kd8 26. b5 Rh8 27. bxc6 Bxc6 28. Rf2 Rh4 29. Bd5 Bxd5 30. Nxd5 Nxd5 31. exd5 Kc7 32. Rg2 Kb6 33. Rxg6 Kc5 34. Rg2 Kxd5 35. Rd2+ Kc5 36. Rf2 a5 37. a3 d5 38. Kb2 a4 39. Rf5 e4 40. Rf8 Rxh2 41. Rc8+ Kd6 1/2-1/2

[Event "Telechess ol2 8182"]
[Site "telex"]
[Date "1981.??.??"]
[Round "?"]
[White "Ristoja, Thomas W"]
[Black "Hess, Ralf"]
[Result "1-0"]
[WhiteElo "2360"]
[BlackElo "2425"]
[PlyCount "57"]
[EventDate "1981.??.??"]
[Source "www.chesslib.no"]
[SourceDate "2004.05.04"]

1. e4 e5 2. Nc3 Nc6 3. g3 f5 4. d3 Nf6 5. Bg2 Bb4 6. Nge2 O-O 7. O-O d6 8. Nd5 Ba5 9. Bg5 Ne7 10. Bxf6 gxf6 11. Nxe7+ Qxe7 12. exf5 c6 13. g4 h5 14. Ng3 hxg4 15. Qxg4+ Qg7 16. Qc4+ Rf7 17. Kh1 Bd7 18. Bf3 d5 19. Qa4 Bb6 20. Bh5 Re7 21. Bg6 Qh6 22. Qg4 Kh8 23. Nh5 Rf8 24. Rg1 Rh7 25. Bxh7 Qxh7 26. Qh4 Bxf5 27. Rg7 Qh6 28. Rag1 e4 29. Nxf6 1-0

[Event "NED Ch Open"]
[Site "Dieren NED"]
[Date "1984.??.??"]
[Round "6"]
[White "Pliester, Leon"]
[Black "Grinberg, Nir"]
[Result "1/2-1/2"]
[WhiteElo "2360"]
[BlackElo "2420"]
[PlyCount "81"]
[EventDate "1984.??.??"]
[Source "www.chesslib.no"]
[SourceDate "2004.05.04"]

1. e4 e5 2. Nc3 Nc6 3. f4 exf4 4. Nf3 d6 5. d4 g5 6. d5 Ne5 7. Bb5+ Bd7 8. Bxd7+ Nxd7 9. Qd4 Qf6 10. Qxf6 Ngxf6 11. Nxg5 Rg8 12. Bxf4 h6 13. Nf3 Rxg2 14. O-O-O Rg4 15. Bd2 O-O-O 16. h3 Rg8 17. Rhg1 Rxg1 18. Rxg1 Re8 19. Re1 c6 20. dxc6 bxc6 21. Nd4 Kb7 22. Rf1 Kc7 23. Rf4 h5 24. Rf5 Re5 25. Bf4 Rxf5 26. Nxf5 Ne5 27. Kd1 Nf3 28. Be3 a6 29. Ke2 Ne5 30. Bg5 Nh7 31. Bf4 Kd7 32. Ng3 Nf6 33. b3 Ke6 34. Nf5 Ng6 35. Bg3 Nh7 36. Nd4+ Kd7 37. Nf3 Bh6 38. Ng1 Ng5 39. Kd3 Ne6 40. Nce2 Nc5+ 41. Kd4 1/2-1/2